000 00343nam a2200121Ia 4500
008 220217s9999||||xx |||||||||||||| ||und||
082 _a510 RAN
100 _aRanganath, G.K
245 0 _aText book of B.Sc. mathematics for first semister
260 _aS.Chand and company Ltd.
_bNew Delhi
_c2005
300 _b120
650 _aMATHEMATICS
999 _c173851
_d173851